000
00242nam a2200109Ia 4500
008
240625s9999 xx 000 0 und d
041
_a
eng
082
_a
808.20 TOI
100
_a
THE INK CONFERENCE
245
_a
UNTOLD STORIES
260
_c
2011
999
_c
34820
_d
34820